The Royal Marsden Hospital Manual of Clinical Nursing Procedures / (Record no. 10867)
[ view plain ]
| 000 -LEADER | |
|---|---|
| fixed length control field | 01675cam a22003978a 4500 |
| 001 - CONTROL NUMBER | |
| control field | 15314799 |
| 005 - DATE AND TIME OF LATEST TRANSACTION | |
| control field | 20080606161259.0 |
| 008 - FIXED-LENGTH DATA ELEMENTS--GENERAL INFORMATION | |
| fixed length control field | 080530s2008 enk b 001 0 eng |
| 010 ## - LIBRARY OF CONGRESS CONTROL NUMBER | |
| LC control number | 2008022170 |
| 020 ## - INTERNATIONAL STANDARD BOOK NUMBER | |
| International Standard Book Number | 9781405182874 (pbk. : alk. paper) |
| 035 ## - SYSTEM CONTROL NUMBER | |
| System control number | (DNLM)101475428 |
| 040 ## - CATALOGING SOURCE | |
| Original cataloging agency | DNLM/DLC |
| Transcribing agency | DLC |
| 042 ## - AUTHENTICATION CODE | |
| Authentication code | pcc |
| 050 00 - LIBRARY OF CONGRESS CALL NUMBER | |
| Classification number | RT42 |
| Item number | .R68 2008b |
| 060 10 - NATIONAL LIBRARY OF MEDICINE CALL NUMBER | |
| Classification number | WY 100 |
| Item number | R8887a 2008 |
| 082 00 - DEWEY DECIMAL CLASSIFICATION NUMBER | |
| Classification number | 610.73 |
| Edition number | 22 |
| Item number | ROY NR |
| 245 04 - TITLE STATEMENT | |
| Title | The Royal Marsden Hospital Manual of Clinical Nursing Procedures / |
| Statement of responsibility, etc | edited by Lisa Dougherty and Sara Lister. |
| 246 30 - VARYING FORM OF TITLE | |
| Title proper/short title | Manual of clinical nursing procedures |
| 250 ## - EDITION STATEMENT | |
| Edition statement | 7th ed. (student ed.) |
| 260 ## - PUBLICATION, DISTRIBUTION, ETC. (IMPRINT) | |
| Place of publication, distribution, etc | Chichester, West Sussex ; |
| -- | Malden, MA : |
| Name of publisher, distributor, etc | Wiley-Blackwell, |
| Date of publication, distribution, etc | c2008. |
| 263 ## - PROJECTED PUBLICATION DATE | |
| Projected publication date | 0808 |
| 300 ## - PHYSICAL DESCRIPTION | |
| Extent | xxxviii, 1241 p. ; |
| Other physical details | ill. ; |
| Dimensions | 18 cm. |
| 504 ## - BIBLIOGRAPHY, ETC. NOTE | |
| Bibliography, etc | Includes bibliographical references and index. |
| 650 #0 - SUBJECT ADDED ENTRY--TOPICAL TERM | |
| Topical term or geographic name as entry element | Nursing |
| General subdivision | Technique |
| Form subdivision | Handbooks, manuals, etc. |
| 650 12 - SUBJECT ADDED ENTRY--TOPICAL TERM | |
| Topical term or geographic name as entry element | Nursing Care |
| General subdivision | methods. |
| 650 22 - SUBJECT ADDED ENTRY--TOPICAL TERM | |
| Topical term or geographic name as entry element | Nursing Process. |
| 650 22 - SUBJECT ADDED ENTRY--TOPICAL TERM | |
| Topical term or geographic name as entry element | Nursing Theory. |
| 650 22 - SUBJECT ADDED ENTRY--TOPICAL TERM | |
| Topical term or geographic name as entry element | Patient Care Planning. |
| 700 1# - ADDED ENTRY--PERSONAL NAME | |
| Personal name | Dougherty, Lisa. |
| 700 1# - ADDED ENTRY--PERSONAL NAME | |
| Personal name | Lister, Sara E. |
| 710 2# - ADDED ENTRY--CORPORATE NAME | |
| Corporate name or jurisdiction name as entry element | Royal Marsden Hospital (London, England) |
| 942 ## - ADDED ENTRY ELEMENTS (KOHA) | |
| Source of classification or shelving scheme | Dewey Decimal Classification |
| Item type | Book - Borrowing |
| Withdrawn status | Item status | Source of classification or shelving scheme | Damaged status | Not for loan | Vendor | Home library | Current library | Shelving location | Date acquired | Source of acquisition | Cost, normal purchase price | Serial Enumeration / chronology | Total Checkouts | Total Renewals | Full call number | Barcode | Date last seen | Date last borrowed | Koha item type |
|---|---|---|---|---|---|---|---|---|---|---|---|---|---|---|---|---|---|---|---|
| Dewey Decimal Classification | Academic Bookshop | Central Library | Central Library | First floor | 17/02/2009 | 270.00 | 328 | 19 | 80 | 610.73 ROY NR | 000014877 | 15/07/2025 | 14/09/2017 | Book - Borrowing | |||||
| Dewey Decimal Classification | Academic Bookshop | Central Library | Central Library | First floor | 17/02/2009 | 270.00 | 328 | 20 | 5 | 610.73 ROY NR | 000014878 | 15/07/2025 | 07/03/2012 | NB - Book (Non borrowing) |